000 00865nam a22002651u 4500
001 05826
003 HDC
007 cr bn ---
008 210121p xx fo d 00 engg
040 _aHDC
100 _aA.Rashid Mohd Zain
_96131
245 0 _aMALAYSIA AS THE HALAL HUB
_c/ by A.Rashid Mohd Zain
260 _a[No place] :
_b[publisher not identified],
_c2011
300 _a47 pages :
_bIllustrations
336 _atext
_2rdacontent
337 _acomputer
_2rdamedia
338 _aonline resource
_2rdacarrier
650 _aHalal hub
_92262
650 _aHalal industry
_9144
650 _aHalal products
_9642
856 _zRequest full-text at [email protected]
942 _2lcc
942 _cSLIDE
942 _kSLID 000625
999 _c3150
_d3150